| 000 | 00914cam a22001934a 4500 | ||
|---|---|---|---|
| 005 | 20250605164235.0 | ||
| 008 | 250528s ||||||||||||||||||||||||d | ||
| 035 | _a21103 | ||
| 020 | _a9780029117064 | ||
| 040 |
_aGR-AtMCL _bgre _dGR-AtMCL _eAACR2 |
||
| 245 | 1 | _aHow We Know What Isn't So / The Fallibility of Human Reason in Everyday Life | |
| 260 |
_bThe Free Press, _c1991 |
||
| 300 | _a216 | ||
| 520 | _aThis remarkable book presents fascinating examples of disastrous reasoning in everyday life and traces them to errors in inference identified by cognitive and social psychologists. Acknowledgements, Introduction, Cognitive Determinants of Questionable Beliefs, Motivational and Social Determinants of Questionable Beliefs, Examples of Questionable and Erroneous Beliefs, Where Do We Go Here?, Notes, Index. | ||
| 700 | 1 |
_aGilovich Thomas _97130 |
|
| 942 | _cBK | ||
| 999 |
_c6172 _d6172 |
||